000 01412nam a2200229 4500
005 20250401150752.0
008 250401b |||||||| |||| 00| 0 eng d
020 _a9788126939909
037 _cTextual
040 _aRTL
_cRTL
084 _aX:9 Q6
_qRTL
245 _aHRD, OD, and institution building: essays in memory of Udai Pareek
260 _aNew Delhi
_bAtlantic
_c2016
300 _axix, 450p. :ill.
_bIncludes index
520 _aDr Udai Pareek, one of India’s most influential social scientists of yesteryears, has changed the thought process of many organizations and individuals. He was fondly known as the “Father of HRD” in India. In this book, leaders from both industry and academia give their original contributions in extending those of Dr Pareek’s in HRD, OD, and institution building in India. The learnings from their experiences will serve as a valuable guide to leaders in all walks of life ranging from industry to education and social development. The book showcases Dr Pareek’s contributions to HRD, OD, and institution building through the eyes of experts from the industry and academia.
650 _aIncludes bibliographical references, notes and index
_9751687
650 _aPersonnel management
650 _aOrganizational change
_9598384
700 _aRao, T. V
_eEditor
700 _aKhandelwal, Anil K
_eEditor
_9273678
942 _2CC
_n0
_cTB
_hX:9 Q6
999 _c1308344
_d1308344